Problemas de aritmética y algebra / (Record no. 29172)

MARC details
000 -LEADER
campo de control de longitud fija 00527nam a2200157 i 4500
001 - NÚMERO DE CONTROL
campo de control 29172
003 - IDENTIFICADOR DE NÚMERO DE CONTROL
campo de control ES-MaACL
007 - CAMPO FIJO DE DESCRIPCIÓN FÍSICA--INFORMACIÓN GENERAL
campo de control de longitud fija t|
008 - DATOS DE LONGITUD FIJA--INFORMACIÓN GENERAL
campo de control de longitud fija 030121s1936 sp ||||1| spa d
100 1# - ENTRADA PRINCIPAL--NOMBRE DE PERSONA
Nombre de persona Bardey, E.
9 (RLIN) 25587
245 10 - MENCIÓN DEL TÍTULO
Título Problemas de aritmética y algebra /
Mención de responsabilidad, etc. por E. Bardey ; traducción de la 19 edición alemana por Roberto Dublang.
260 ## - PUBLICACIÓN, DISTRIBUCIÓN, ETC.
Lugar de publicación, distribución, etc. Barcelona :
Nombre del editor, distribuidor, etc. Labor,
Fecha de publicación, distribución, etc. 1936 (
Fabricante Imp. Elzeviviana y Librería Camí)
300 ## - DESCRIPCIÓN FÍSICA
Extensión 447 p. ;
Dimensiones 23 cm.
700 1# - ENTRADA AGREGADA--NOMBRE PERSONAL
Nombre de persona Dublang, Roberto.
9 (RLIN) 45757
852 ## - LOCALIZACIÓN
Ubicación ES-MaACL
Número de control de estantería B-9558
Sublocalización o colección R.19283
Holdings
Estatus retirado Estado de pérdida Estado de daño No para préstamo Biblioteca de origen Biblioteca actual Ubicación en estantería Fecha de adquisición Fuente de adquisición Total de préstamos Signatura topográfica completa Código de barras Visto por última vez Precio de reemplazo Tipo de ítem Koha
        Biblioteca del Ateneo de Madrid Biblioteca del Ateneo de Madrid Sala Pardo Bazán 17/01/2008     B-9558 1030116 23/02/2023 23/02/2023 Libro impreso